000 01117naa a22003137a 4500
001 BR8107392
003 BR-BrBNA
005 20240918175049.0
007 ta
008 230509b bl.||||| |||| 00| 0 por d
040 _aBR-BrBNA
_bpor
_cBiblioteca Nacional de Agricultura
041 _a(Pt)
072 _aE15; E50
_b/G514
_bGZ36
090 _aE15 BR8107392
100 1 _aMoura, M.M.
111 1 _a6. Reuniao Nacional sobre Mao-de-Obra Volante na Agricultura
_cBotucatu, SP (Brazil)
_d11-12 Dec 1980
245 1 _aAcoes judiciais e tensoes sociais no Vale do Jequitinhonha [Minas Gerais, Brasil]
260 3 _aBotucatu, SP (Brasil):
_c1981.
500 _aMao-de-obra volante na agricultura Botucatu, SP (Brasil): 1981. p. 147-161 (BR8107392-AM)E15
650 _aTRABALHADOR RURAL
650 _aPROPRIEDADE RURAL
650 _aPOSSE DE TERRA
650 _aPARCERIA
650 _aVALE DO JEQUITINHONHA
650 _aMINAS GERAIS
773 0 _tMao-de-obra volante na agricultura
_wE15 BR8107392
_gBotucatu, SP (Brasil), 1981. p. 147-161
909 _a202404
_bLucia
_c55
_dLucia Elande
942 _cAM
_2AGRIS
999 _c314807
_d314807